| 000 | 00676nam a2200217 u 4500 | ||
|---|---|---|---|
| 005 | 20210223133516.0 | ||
| 008 | 180228s2008 r 000 0 eng d | ||
| 020 | _a9789992467190 | ||
| 035 | _aUPN01000223237 | ||
| 049 | _aI | ||
| 050 | 4 |
_aQP434 _bO7.8 |
|
| 100 | 1 |
_aOrtega Reyes, Ovidio Abelardo, _d1955- _941727 |
|
| 245 | 1 | 0 |
_aYo en movimiento / _cOvidio Ortega Reyes. |
| 260 |
_aManagua : _bFondo Editorial Libros para NiƱos, _c2008. |
||
| 300 |
_a[16] p. : _bil. col. |
||
| 440 | 0 | _aMis sentidos | |
| 650 | 4 |
_aSENTIDOS Y SENSACIONES - _vLITERATURA INFANTIL _911055 |
|
| 650 | 4 |
_aMOVIMIENTO - _vLITERATURA INFANTIL _926227 |
|
| 901 | _aInfantil | ||
| 999 |
_c195334 _d195334 |
||